zpět

Detail výsledku týmu

Burger & Beer Brothers, Olomouc

Datum a čas kvízu

15 Celkem bodů Celkový počet nahraných bodů na tomto kvízu bez doplňovacích otázek.
8. Pořadí na kvízu Konečné umístění týmu na tomto kvízu.

Zaznamenané odpovědi

# Otázka Odpověď Body Výsledky
1. Největší český online prodejce... Rohlik(.cz), Rabbit (CZ) 0.5
2. Bývalý předseda vlády jedné ev... Rakousko, Sebastian Kurz 0
3. V úterý jsme se dozvěděli, že... Blade Runner 1
4. Japonští vědci minulý týden oz... ze dřeva 0
5. 34letý trojnásobný mistr světa... Peter Sagan 0
6. Součástí televizního programu... Hodina pravdy 0
7. Milovníkům AZ-kvízu či zábavný... pěstební dělnice 0
8. Napište název televizní soutěž... Kufr 0
9. V dnešní době je velmi populár... 1D 2A 3C 4B 0
10. Kdo z uvedených nikdy nemodero... D 0